000 00445pab a2200169 454500
008 180718b2014 xxu||||| |||| 00| 0 eng d
100 _aShastree, Nalin K.
245 _aRhythms of changing higher education policies: Widening new opportunities
260 _c2014
300 _ap.93-101.
362 _a17 Feb
650 _aEducational reform
650 _aHigher education
773 _aUniversity News
908 _aN
909 _a103067
999 _c103064
_d103064